Как основать компанию на Западе: Практические советы российскому предпринимателю; Справочное издание

Bibliografiska uppgifter
Huvudupphovsman: Булатов А. С. Александр Сергеевич
Språk:ryska
Publicerad: Москва, Международные отношения, 1993
Ämnen:
Materialtyp: Bok
KOHA link:https://koha.lib.tpu.ru/cgi-bin/koha/opac-detail.pl?biblionumber=17461

MARC

LEADER 00000nam0a2200000 4500
001 17461
005 20231030190914.0
010 |a 5713305562 
035 |a (RuTPU)RU\TPU\book\17605 
035 |a BOOK00002293 
090 |a 17461 
100 |a 20011209d1993 km y0rusy50 ca 
101 0 |a rus 
102 |a RU 
105 |a y g 000zy 
200 1 |a Как основать компанию на Западе  |e Практические советы российскому предпринимателю  |e Справочное издание  |f А. С. Булатов 
210 |a Москва  |c Международные отношения  |d 1993 
215 |a 320 с. 
610 1 |a экономика 
610 1 |a бизнес 
610 1 |a предпринимательская деятельность 
610 1 |a иностранные компании 
610 1 |a Россия 
610 1 |a справочные издания 
686 |a У50  |v LBC/SL-A  |2 rubbk 
686 |a У9(2)0  |v LBC/SL-A  |2 rubbk 
700 1 |a Булатов  |b А. С.  |g Александр Сергеевич 
801 0 |a RU  |b 63413507  |c 20011209  |g PSBO 
801 2 |a RU  |b 63413507  |c 20170919  |g PSBO 
942 |c BK